000
00223 a2200109 4500
020
_a
9780763693589
041
_a
spa
100
_a
Juana Martinez Neal
245
_a
Alma y como obtuvo su Nombre
942
_c
BK
952
_7
1
999
_c
23767
_d
23767